000 00434nam a2200169Ia 4500
003 GCL
008 140319s9999 xx 000 0 eng d
040 _aGCL /
_cGCL
082 0 4 _a937.06
_bG H
100 1 _aGANERI, ANITA
245 1 0 _aHOW WOULD YOU SURVIVE AS AN ANCIENT ROMAN /
_cGANERI, ANITA
260 _a[S.N] :
_bWATTS BOOK
300 _a48 P
650 0 4 _aROMAN EMPIRE
650 0 4 _aANCIENT ROMAN EMPIRE
942 _2ddc
_cBK
999 _c10492
_d10492